000 01328nam a2200349 i 4500
001 000026273
003 DO-SdBNP
005 20251120073733.0
007 ta
008 110308s1996 dr ad 000 0 spa d
020 _a8489548056
040 _aDO-SdBNP
_bspa
_cBNPHU
_erda
082 4 _a320.97293
_bC968p,1996
_222
245 0 0 _aCultura política y democracia en República Dominicana :
_binforme final de la encuesta cultural política y democracia (DEMOS 94) /
_cIsis Duarte, Ramonina Brea, Ramó Tejada H. y Clara Báez
264 _aSantiago, República Dominicana :
_bPUCMM,
_c1996.
300 _a220 páginas :
_bilustraciones ; diagramas ;
_c28 cm.
336 _2rdacontent
_atexto
_btxt
337 _2rdamedia
_asin mediación
_bnc
338 _2rdacarrier
_avolumen
_bn
500 _aIncluye notas al pie de páginas
504 _aBibliografías : p. 220
590 _aInventariado, 2023/BT
650 0 _aDemocracia
_9286
651 4 _aRepública Dominicana
_xPolítica y gobierno
_y1961
_xOpinión pública
_984039
700 1 _aDuarte, Isis
_eautor
_92123
700 1 _aBrea, Ramonina
_eautor
_98319
700 1 _aTejada H., Ramón,
_953302
_eautor
700 1 _aBáez, Clara,
_99467
_eautora
710 2 _aPontificia Universidad Católica Madre y Maestra
_9843
910 _aBtavárez
942 _2ddc
_cLBS1
999 _c25765
_d25765